| 000 | 00399nam a2200133Ia 4500 | ||
|---|---|---|---|
| 008 | 250506s9999 xx 000 0 und d | ||
| 024 | _a15B-043-SE, 15B-053-SE & 15B-044-SE | ||
| 082 | _a005.19125 ALI | ||
| 100 | _aAli Dal, Sundas Saleem & Waqas Ansari | ||
| 245 | 0 | _aFYP Portal | |
| 260 |
_aKarachi: _bUIT, _c2005 |
||
| 600 | _aSoftware Engineering | ||
| 650 | _aBachelor of Computer Science (BS) | ||
| 999 |
_c28204 _d28204 |
||